000 00573nam a2200169Ia 4500
003 GCL
008 140319s9999 xx 000 0 ara d
040 _aGCL /
_cGCL
082 0 4 _a819.9
_bع ف
100 1 _aعباس محمود العقاد
245 1 0 _aالفلسفة القرانية : كتاب عن مباحث الفلسفة الروحية والاجتماعية التى وردت موضوعاتها /
_cعباس محمود العقاد
490 _a
650 0 4 _aالتصوف
650 0 4 _aالزواج
650 0 4 _aالقران والعلم
942 _2ddc
_cBK
999 _c42830
_d42830